000
00252nam a2200109Ia 4500
008
220204s9999 xx 000 0 und d
082
_a
82-3
_b
TOB
100
_a
Tobias, Andrew
245
0
_a
Fire and ice
260
_a
New York
_b
Warner
_c
1976
942
_c
BK
999
_c
29992
_d
29992